• 首页
  • 本馆介绍
  • 公告通知
  • 最新文献
  • 馆藏检索
  • 电子资源
  • 读者导购
  • 参考咨询
  • 我的图书馆
  • 登录
  • 详细信息显示
  • 放入我的书架
  • 预约/预借图书
  • 作者相关作品
  • 分类相关作品
  • 丛书相关作品
  • 出版社相关作品

书目信息

  • 表格格式
  • 工作单格式
  • 卡片格式
题名:
MATLAB软件与基础数学实验
    
 
作者: 李换琴 , 朱旭 主编
分册:  
出版信息: 西安   西安交通大学出版社  2015
页数: 221页
开本: 23cm
丛书名:
单 册:
中图分类: O13-33
科图分类:
主题词: Matlab软件--应用--高等数学--实验--高等学校--教材
电子资源:
ISBN: 978-7-5605-6970-3
000 01181nam0 2200253 450
001 2337526249
005 20231220103457.28
010    @a978-7-5605-6970-3@d22.00CNY
100    @a20150416d2015 em y0chiy0120 ea
101 0  @achi
102    @aCN@b610000
105    @ay z 000yy
200 1  @aMATLAB软件与基础数学实验@AMATLAB ruan jian yu ji chu shu xue shi yan@b专著@f李换琴,朱旭主编
205    @a2版
210    @a西安@c西安交通大学出版社@d2015
215    @a221页@d23cm
300    @a西安交通大学本科“十二五”规划教材
330    @a本书内容分为三个部分:第一部分包含两个实验(实验一、二),详细介绍了MATLAB软件部分基本命令和绘图命令以及它们的使用方法;第二部分包含两个实验(实验三、四),详细介绍了MATLAB软件编程的主要命令结构和语法规则,并给出了具体的编程实例;第三部分结合高等数学、线性代数等基本知识,从六个简单实际问题出发编写了六个实验,对每个问题分别进行分析、建模,给出了较为详尽的求解分析过程、实验程序和上机实验结果。
606 0  @aMatlab软件@x应用@x高等数学@x实验@x高等学校@j教材
690    @aO13-33@v5
701  0 @a李换琴@Ali huan qin@c(女,@f1964 )@4主编
701  0 @a朱旭@Azhu xu@f(1964.7 )@4主编
801  2 @aCN@b辽宁北配@c20231205
905    @aBZT@dO13-33@e2=2
    
    MATLAB软件与基础数学实验/李换琴,朱旭主编.-2版.-西安:西安交通大学出版社,2015
    221页;23cm
    西安交通大学本科“十二五”规划教材
    
    ISBN 978-7-5605-6970-3:22.00CNY
    本书内容分为三个部分:第一部分包含两个实验(实验一、二),详细介绍了MATLAB软件部分基本命令和绘图命令以及它们的使用方法;第二部分包含两个实验(实验三、四),详细介绍了MATLAB软件编程的主要命令结构和语法规则,并给出了具体的编程实例;第三部分结合高等数学、线性代数等基本知识,从六个简单实际问题出发编写了六个实验,对每个问题分别进行分析、建模,给出了较为详尽的求解分析过程、实验程序和上机实验结果。
●
相关链接 在五车中查询图书 在当当中查询图书 在豆瓣中查询图书


正题名:MATLAB软件与基础数学实验     索取号:O13-33/2=2         预约/预借

序号 登录号 条形码 馆藏地/架位号 状态 备注
1 2001605170   2001605170   辽三/辽宁北配(第三批)/2274/ [索取号:O13-33/2=2] 在馆    
2 2001605171   2001605171   辽三/辽宁北配(第三批)/2274/ [索取号:O13-33/2=2] 在馆    
3 2001605172   2001605172   辽三/辽宁北配(第三批)/2274/ [索取号:O13-33/2=2] 在馆    
4 2001605173   2001605173   辽三/辽宁北配(第三批)/2274/ [索取号:O13-33/2=2] 在馆    
5 2001605174   2001605174   辽三/辽宁北配(第三批)/2274/ [索取号:O13-33/2=2] 在馆    
6 2001605175   2001605175   辽三/辽宁北配(第三批)/2274/ [索取号:O13-33/2=2] 在馆    
7 2001605176   2001605176   辽三/辽宁北配(第三批)/2274/ [索取号:O13-33/2=2] 在馆    
8 2001605177   2001605177   辽三/辽宁北配(第三批)/2274/ [索取号:O13-33/2=2] 在馆    
9 2001605178   2001605178   辽三/辽宁北配(第三批)/2274/ [索取号:O13-33/2=2] 在馆    
10 2001605179   2001605179   辽三/辽宁北配(第三批)/2274/ [索取号:O13-33/2=2] 在馆    
11 2001605180   2001605180   辽三/辽宁北配(第三批)/2274/ [索取号:O13-33/2=2] 在馆    
12 2001605181   2001605181   辽三/辽宁北配(第三批)/2274/ [索取号:O13-33/2=2] 在馆    
13 2001605182   2001605182   辽三/辽宁北配(第三批)/2274/ [索取号:O13-33/2=2] 在馆    
14 2001605183   2001605183   辽三/辽宁北配(第三批)/2274/ [索取号:O13-33/2=2] 在馆    
15 2001605184   2001605184   辽三/辽宁北配(第三批)/2274/ [索取号:O13-33/2=2] 在馆    
16 2001605185   2001605185   辽三/辽宁北配(第三批)/2274/ [索取号:O13-33/2=2] 在馆    
山东省滨州职业学院图书馆 欢迎您!
大连网信软件有限公司© 版权所有